000
00298nam a22001337a 4500
003
OSt
005
20260217143759.0
008
241231b |||||||| |||| 00| 0 eng d
041
_a
eng
082
_a
621.384
_b
BEG
100
_a
Newyork, RP
_9
6657
245
_a
Beginners Radio dictionary
942
_c
BK
999
_c
18795
_d
18795